Welcome to the Holygrace Academy Library

Please use search bar below to get started

RIDERS PEAK PERFORMANCE (Record no. 2554)

MARC details
000 -LEADER
fixed length control field 00328nam a22001337a 4500
020 ## - INTERNATIONAL STANDARD BOOK NUMBER
ISBN 0-330-34535-4
082 ## - DEWEY DECIMAL CLASSIFICATION NUMBER
Classification number 823
Item number ALE/P
100 ## - MAIN ENTRY--AUTHOR NAME
Personal name ALEXANDER, SAMANTHA
245 ## - TITLE STATEMENT
Title RIDERS PEAK PERFORMANCE
260 ## - PUBLICATION, DISTRIBUTION, ETC. (IMPRINT)
Place of publication UNITED KINGDOM
Name of publisher MACMILLAN CHILDREN'S BOOKS
Year of publication 1997
300 ## - PHYSICAL DESCRIPTION
Number of Pages 118
650 ## - SUBJECT ADDED ENTRY--TOPICAL TERM
Topical Term NOVEL
Geographic subdivision UNITED KINGDOM
942 ## - ADDED ENTRY ELEMENTS (KOHA)
Koha item type Books
Holdings
Withdrawn status Lost status Collection code Home library Current library Shelving location Date acquired Source of acquisition Full call number Accession Number Koha item type
    Reference Main Library Main Library SHELF-14A -ALPHABETICAL -A--ENGLISH NOVELS & FICTIONS 20/09/2023 purchase 823 ALE/P 00122 Books